[Event "Tournoi International du Pays de Charleroi 2018"]
[Site "Roux, Belgium"]
[Date "2018.08.01"]
[Round "6.26"]
[White "De Weird, Matthias"]
[Black "Kasparova, Tatiana"]
[Result "1-0"]
[BlackTitle "WFM"]
[WhiteElo "1962"]
[BlackElo "2090"]

1. e4 {[%clk 01:30:00]} {[%emt 00:01:03]} d6 {[%clk 01:30:49]} {[%emt
00:00:12]} 2. d4 {[%clk 01:30:26]} {[%emt 00:00:04]} Nf6 {[%clk 01:31:16]}
{[%emt 00:00:04]} 3. Bd3 {[%clk 01:30:52]} {[%emt 00:00:04]} e5 {[%clk
01:31:30]} {[%emt 00:00:17]} 4. c3 {[%clk 01:31:07]} {[%emt 00:00:18]} Nbd7
{[%clk 01:31:29]} {[%emt 00:00:32]} 5. f4 {[%clk 01:31:26]} {[%emt 00:00:12]}
g6 {[%clk 01:28:01]} {[%emt 00:04:25]} 6. Nf3 {[%clk 01:31:44]} {[%emt
00:00:13]} exf4 {[%clk 01:28:25]} {[%emt 00:00:07]} 7. Bxf4 {[%clk 01:32:07]}
{[%emt 00:00:08]} Bg7 {[%clk 01:28:25]} {[%emt 00:00:34]} 8. O-O {[%clk
01:32:12]} {[%emt 00:00:28]} O-O {[%clk 01:25:14]} {[%emt 00:04:06]} 9. h3
{[%clk 01:30:39]} {[%emt 00:02:18]} Nh5 {[%clk 01:18:39]} {[%emt 00:07:59]} 10.
Bh2 {[%clk 01:29:18]} {[%emt 00:01:58]} Bh6 {[%clk 01:18:32]} {[%emt 00:00:53]}
11. Nbd2 {[%clk 01:24:42]} {[%emt 00:05:50]} Nf4 {[%clk 01:13:55]} {[%emt
00:05:48]} 12. Qc2 {[%clk 01:20:19]} {[%emt 00:05:33]} Nxd3 {[%clk 01:12:39]}
{[%emt 00:02:05]} 13. Qxd3 {[%clk 01:20:42]} {[%emt 00:00:08]} Nf6 {[%clk
01:12:11]} {[%emt 00:01:05]} 14. g4 {[%clk 01:15:45]} {[%emt 00:06:18]} Bg7
{[%clk 01:11:45]} {[%emt 00:01:03]} 15. e5 {[%clk 01:14:30]} {[%emt 00:01:56]}
dxe5 {[%clk 01:10:55]} {[%emt 00:01:27]} 16. Nxe5 {[%clk 01:14:46]} {[%emt
00:00:15]} h5 {[%clk 01:09:09]} {[%emt 00:02:35]} 17. g5 {[%clk 01:12:51]}
{[%emt 00:02:46]} Nh7 {[%clk 01:05:32]} {[%emt 00:04:42]} 18. h4 {[%clk
01:12:34]} {[%emt 00:00:54]} Bf5 {[%clk 01:00:17]} {[%emt 00:06:32]} 19. Rxf5
{[%clk 01:07:07]} {[%emt 00:06:40]} gxf5 {[%clk 01:00:32]} {[%emt 00:00:16]} 20.
g6 {[%clk 01:07:00]} {[%emt 00:00:42]} fxg6 {[%clk 01:00:38]} {[%emt 00:00:27]}
21. Qc4+ {[%clk 01:07:24]} {[%emt 00:00:06]} Kh8 {[%clk 00:59:53]} {[%emt
00:01:24]} 22. Nxg6 {[%clk 01:07:50]} {[%emt 00:00:05]} 1-0

[Event "Tournoi International du Pays de Charleroi 2018"]
[Site "Roux, Belgium"]
[Date "2018.08.01"]
[Round "6.12"]
[White "De Block, Yordi"]
[Black "Vesin, Jean-Robert"]
[Result "1/2-1/2"]
[BlackTitle "FM"]
[WhiteElo "2129"]
[BlackElo "2215"]

1. d4 {[%clk 01:30:58]} {[%emt 00:00:03]} c5 {[%clk 01:30:37]} {[%emt
00:00:23]} 2. c3 {[%clk 01:31:20]} {[%emt 00:00:08]} Nf6 {[%clk 01:30:00]}
{[%emt 00:01:07]} 3. Nf3 {[%clk 01:31:39]} {[%emt 00:00:10]} e6 {[%clk
01:27:51]} {[%emt 00:02:38]} 4. e3 {[%clk 01:32:02]} {[%emt 00:00:08]} b6
{[%clk 01:27:33]} {[%emt 00:00:48]} 5. Bd3 {[%clk 01:32:17]} {[%emt 00:00:16]}
Bb7 {[%clk 01:27:45]} {[%emt 00:00:18]} 6. Nbd2 {[%clk 01:32:31]} {[%emt
00:00:15]} d6 {[%clk 01:27:38]} {[%emt 00:00:38]} 7. b3 {[%clk 01:32:15]}
{[%emt 00:00:45]} Nbd7 {[%clk 01:27:10]} {[%emt 00:00:59]} 8. Bb2 {[%clk
01:32:27]} {[%emt 00:00:18]} Be7 {[%clk 01:27:14]} {[%emt 00:00:25]} 9. c4
{[%clk 01:31:08]} {[%emt 00:01:49]} Qc7 {[%clk 01:26:35]} {[%emt 00:01:09]} 10.
O-O {[%clk 01:31:02]} {[%emt 00:00:36]} O-O {[%clk 01:26:51]} {[%emt 00:00:13]}
11. Qc2 {[%clk 01:28:37]} {[%emt 00:02:56]} a6 {[%clk 01:26:12]} {[%emt
00:01:09]} 12. e4 {[%clk 01:23:05]} {[%emt 00:06:03]} cxd4 {[%clk 01:26:35]}
{[%emt 00:00:07]} 13. Nxd4 {[%clk 01:21:50]} {[%emt 00:01:45]} Rfe8 {[%clk
01:20:45]} {[%emt 00:06:20]} 14. f4 {[%clk 01:18:39]} {[%emt 00:03:40]} Ng4
{[%clk 01:09:58]} {[%emt 00:11:17]} 15. Rae1 {[%clk 01:15:05]} {[%emt
00:04:02]} e5 {[%clk 01:06:14]} {[%emt 00:04:17]} 16. h3 {[%clk 01:11:57]}
{[%emt 00:03:38]} Bh4 {[%clk 01:06:28]} {[%emt 00:00:15]} 17. hxg4 {[%clk
01:10:54]} {[%emt 00:01:33]} Bxe1 {[%clk 01:06:53]} {[%emt 00:00:05]} 18. Rxe1
{[%clk 01:11:15]} {[%emt 00:00:09]} exd4 {[%clk 01:07:17]} {[%emt 00:00:05]} 19.
Bxd4 {[%clk 01:11:41]} {[%emt 00:00:05]} Nc5 {[%clk 00:54:30]} {[%emt
00:13:17]} 20. Nf3 {[%clk 01:06:42]} {[%emt 00:05:30]} Rac8 {[%clk 00:49:49]}
{[%emt 00:05:10]} 21. Bb2 {[%clk 01:03:16]} {[%emt 00:03:56]} b5 {[%clk
00:44:19]} {[%emt 00:06:01]} 22. cxb5 {[%clk 00:54:23]} {[%emt 00:09:23]} axb5
{[%clk 00:40:48]} {[%emt 00:04:00]} 23. Bxb5 {[%clk 00:43:19]} {[%emt
00:11:34]} Rxe4 {[%clk 00:40:43]} {[%emt 00:00:35]} 24. Rxe4 {[%clk 00:43:32]}
{[%emt 00:00:17]} Nxe4 {[%clk 00:40:48]} {[%emt 00:00:25]} 25. Qxc7 {[%clk
00:42:57]} {[%emt 00:01:05]} Rxc7 {[%clk 00:41:14]} {[%emt 00:00:05]} 26. Nd4
{[%clk 00:42:34]} {[%emt 00:00:53]} Nc3 {[%clk 00:39:00]} {[%emt 00:02:44]} 27.
Bf1 {[%clk 00:37:03]} {[%emt 00:06:01]} Nxa2 {[%clk 00:36:48]} {[%emt
00:02:42]} 28. Nf5 {[%clk 00:37:29]} {[%emt 00:00:04]} g6 {[%clk 00:36:02]}
{[%emt 00:01:15]} 29. Nxd6 {[%clk 00:37:15]} {[%emt 00:00:44]} Bd5 {[%clk
00:32:04]} {[%emt 00:04:27]} 30. Ne8 {[%clk 00:35:04]} {[%emt 00:02:42]} Rc2
{[%clk 00:31:20]} {[%emt 00:01:15]} 31. Nf6+ {[%clk 00:35:05]} {[%emt
00:00:29]} Kh8 {[%clk 00:31:43]} {[%emt 00:00:06]} 32. Be5 {[%clk 00:33:54]}
{[%emt 00:01:41]} Bxb3 {[%clk 00:31:31]} {[%emt 00:00:42]} 33. Ne8 {[%clk
00:28:47]} {[%emt 00:05:38]} Kg8 {[%clk 00:31:53]} {[%emt 00:00:07]} 34. Nf6+
{[%clk 00:28:57]} {[%emt 00:00:20]} Kf8 {[%clk 00:32:02]} {[%emt 00:00:21]} 35.
Nxh7+ {[%clk 00:29:13]} {[%emt 00:00:14]} Ke7 {[%clk 00:32:22]} {[%emt
00:00:10]} 36. Nf6 {[%clk 00:28:59]} {[%emt 00:00:44]} Nc3 {[%clk 00:29:08]}
{[%emt 00:03:44]} 37. Bxc3 {[%clk 00:24:50]} {[%emt 00:04:40]} Rxc3 {[%clk
00:29:31]} {[%emt 00:00:06]} 38. Ne4 {[%clk 00:24:53]} {[%emt 00:00:26]} Rc2
{[%clk 00:29:23]} {[%emt 00:00:39]} 39. Bd3 {[%clk 00:21:21]} {[%emt 00:04:02]}
Rb2 {[%clk 00:28:29]} {[%emt 00:01:25]} 40. f5 {[%clk 00:19:51]} {[%emt
00:02:00]} Bc2 {[%clk 00:24:59]} {[%emt 00:03:59]} 41. Bxc2 {[%clk 00:14:35]}
{[%emt 00:05:45]} Rxc2 {[%clk 00:25:02]} {[%emt 00:00:28]} 42. fxg6 {[%clk
00:14:26]} {[%emt 00:00:40]} fxg6 {[%clk 00:25:07]} {[%emt 00:00:24]} 43. Kh2
{[%clk 00:14:27]} {[%emt 00:00:29]} Rc4 {[%clk 00:24:27]} {[%emt 00:01:10]} 44.
Nf2 {[%clk 00:14:47]} {[%emt 00:00:10]} Rc3 {[%clk 00:24:05]} {[%emt 00:00:52]}
45. Ne4 {[%clk 00:15:06]} {[%emt 00:00:11]} Re3 {[%clk 00:24:22]} {[%emt
00:00:13]} 46. Nd2 {[%clk 00:15:28]} {[%emt 00:00:08]} Ke6 {[%clk 00:24:00]}
{[%emt 00:00:52]} 47. Nf3 {[%clk 00:15:52]} {[%emt 00:00:06]} Ra3 {[%clk
00:23:46]} {[%emt 00:00:43]} 48. Kg3 {[%clk 00:16:14]} {[%emt 00:00:09]} Kd5
{[%clk 00:23:24]} {[%emt 00:00:52]} 49. Kf4 {[%clk 00:16:29]} {[%emt 00:00:15]}
Ke6 {[%clk 00:17:28]} {[%emt 00:06:26]} 50. Kg5 {[%clk 00:16:09]} {[%emt
00:00:49]} Kf7 {[%clk 00:17:41]} {[%emt 00:00:19]} 51. Kf4 {[%clk 00:15:51]}
{[%emt 00:00:48]} Ra2 {[%clk 00:17:55]} {[%emt 00:00:16]} 52. Kg3 {[%clk
00:16:19]} {[%emt 00:00:01]} Kf6 {[%clk 00:18:01]} {[%emt 00:00:24]} 53. Kh3
{[%clk 00:16:30]} {[%emt 00:00:19]} Ke6 {[%clk 00:16:31]} {[%emt 00:02:00]} 54.
Kg3 {[%clk 00:16:51]} {[%emt 00:00:09]} Kd5 {[%clk 00:13:37]} {[%emt 00:03:24]}
55. Nh4 {[%clk 00:16:56]} {[%emt 00:00:25]} Ra6 {[%clk 00:13:57]} {[%emt
00:00:10]} 56. Kf4 {[%clk 00:17:03]} {[%emt 00:00:23]} Ra2 {[%clk 00:10:07]}
{[%emt 00:04:20]} 57. Kg5 {[%clk 00:15:26]} {[%emt 00:02:07]} Ke4 {[%clk
00:05:43]} {[%emt 00:04:54]} 58. Kxg6 {[%clk 00:15:18]} {[%emt 00:00:38]} Kf4
{[%clk 00:05:57]} {[%emt 00:00:16]} 59. Kh5 {[%clk 00:13:34]} {[%emt 00:02:14]}
Ke5 {[%emt 00:00:18]} 1/2-1/2

[Event "Tournoi International du Pays de Charleroi 2018"]
[Site "Roux, Belgium"]
[Date "2018.08.01"]
[Round "6.11"]
[White "Roos, David"]
[Black "Sclacmender, Julien"]
[Result "0-1"]
[WhiteElo "2142"]
[BlackElo "2245"]

1. d4 {[%clk 01:30:58]} {[%emt 00:00:02]} Nf6 {[%clk 01:30:15]} {[%emt
00:00:46]} 2. c4 {[%clk 01:31:22]} {[%emt 00:00:05]} e6 {[%clk 01:30:21]}
{[%emt 00:00:24]} 3. Nc3 {[%clk 01:29:36]} {[%emt 00:02:16]} Bb4 {[%clk
01:29:44]} {[%emt 00:01:07]} 4. f3 {[%clk 01:29:59]} {[%emt 00:00:06]} O-O
{[%clk 01:29:48]} {[%emt 00:00:26]} 5. e3 {[%clk 01:30:14]} {[%emt 00:00:15]}
b6 {[%clk 01:24:52]} {[%emt 00:05:26]} 6. Bd3 {[%clk 01:25:19]} {[%emt
00:05:26]} Bxc3+ {[%clk 01:20:42]} {[%emt 00:04:40]} 7. bxc3 {[%clk 01:25:43]}
{[%emt 00:00:06]} Nc6 {[%clk 01:21:02]} {[%emt 00:00:10]} 8. Ne2 {[%clk
01:15:28]} {[%emt 00:10:44]} Ba6 {[%clk 01:11:08]} {[%emt 00:10:25]} 9. Ng3
{[%clk 01:10:48]} {[%emt 00:05:10]} Na5 {[%clk 01:09:26]} {[%emt 00:02:12]} 10.
Qe2 {[%clk 01:10:36]} {[%emt 00:00:41]} d6 {[%clk 00:57:26]} {[%emt 00:12:32]}
11. f4 {[%clk 00:56:27]} {[%emt 00:14:38]} d5 {[%clk 00:40:24]} {[%emt
00:17:32]} 12. cxd5 {[%clk 00:55:41]} {[%emt 00:01:16]} Bxd3 {[%clk 00:40:28]}
{[%emt 00:00:26]} 13. Qxd3 {[%clk 00:56:09]} {[%emt 00:00:01]} exd5 {[%clk
00:40:43]} {[%emt 00:00:15]} 14. O-O {[%clk 00:53:54]} {[%emt 00:02:46]} Re8
{[%clk 00:39:27]} {[%emt 00:01:46]} 15. f5 {[%clk 00:54:08]} {[%emt 00:00:16]}
Qe7 {[%clk 00:29:44]} {[%emt 00:10:13]} 16. Rf4 {[%clk 00:53:08]} {[%emt
00:01:30]} Rac8 {[%clk 00:26:34]} {[%emt 00:03:40]} 17. c4 {[%clk 00:48:23]}
{[%emt 00:05:15]} dxc4 {[%clk 00:23:33]} {[%emt 00:03:31]} 18. Qc2 {[%clk
00:47:26]} {[%emt 00:01:27]} c5 {[%clk 00:23:48]} {[%emt 00:00:16]} 19. dxc5
{[%clk 00:45:51]} {[%emt 00:02:05]} Qxc5 {[%clk 00:23:41]} {[%emt 00:00:37]} 20.
Kh1 {[%clk 00:46:00]} {[%emt 00:00:21]} Qe5 {[%clk 00:22:15]} {[%emt 00:01:56]}
21. Bb2 {[%clk 00:46:12]} {[%emt 00:00:17]} c3 {[%clk 00:21:14]} {[%emt
00:01:32]} 0-1

[Event "Tournoi International du Pays de Charleroi 2018"]
[Site "Roux, Belgium"]
[Date "2018.08.01"]
[Round "6.25"]
[White "Werner, Ivan"]
[Black "Verbist, Julien"]
[Result "1-0"]
[WhiteElo "2110"]
[BlackElo "1954"]

1. e4 {[%clk 01:30:59]} e5 {[%clk 01:30:33]} {[%emt 00:00:27]} 2. Nf3 {[%clk
01:31:25]} {[%emt 00:00:04]} d6 {[%clk 01:30:58]} {[%emt 00:00:06]} 3. d4
{[%clk 01:31:41]} {[%emt 00:00:15]} Nd7 {[%clk 01:31:21]} {[%emt 00:00:06]} 4.
Bc4 {[%clk 01:29:29]} {[%emt 00:02:41]} Be7 {[%clk 01:29:57]} {[%emt 00:01:54]}
5. O-O {[%clk 01:28:19]} {[%emt 00:01:40]} h6 {[%clk 01:20:23]} {[%emt
00:10:04]} 6. c3 {[%clk 01:24:24]} {[%emt 00:04:26]} Ngf6 {[%clk 01:20:20]}
{[%emt 00:00:33]} 7. Nh4 {[%clk 01:02:43]} {[%emt 00:22:11]} Nb6 {[%clk
01:05:57]} {[%emt 00:14:52]} 8. Bb3 {[%clk 01:02:21]} {[%emt 00:00:53]} Nxe4
{[%clk 00:43:26]} {[%emt 00:23:01]} 9. Qh5 {[%clk 00:53:49]} {[%emt 00:09:01]}
d5 {[%clk 00:43:09]} {[%emt 00:00:47]} 10. Qxe5 {[%clk 00:52:31]} {[%emt
00:01:48]} O-O {[%clk 00:43:08]} {[%emt 00:00:30]} 11. Nf5 {[%clk 00:44:32]}
{[%emt 00:08:30]} Bf6 {[%clk 00:43:20]} {[%emt 00:00:18]} 12. Qf4 {[%clk
00:42:57]} {[%emt 00:02:06]} Bg5 {[%clk 00:42:36]} {[%emt 00:01:14]} 13. Qf3
{[%clk 00:40:28]} {[%emt 00:02:59]} Bxc1 {[%clk 00:40:06]} {[%emt 00:03:00]} 14.
Rxc1 {[%clk 00:40:53]} {[%emt 00:00:05]} Qf6 {[%clk 00:39:42]} {[%emt
00:00:54]} 15. Ne3 {[%clk 00:34:54]} {[%emt 00:06:28]} Qxf3 {[%clk 00:39:45]}
{[%emt 00:00:27]} 16. gxf3 {[%clk 00:35:23]} {[%emt 00:00:02]} Nf6 {[%clk
00:38:12]} {[%emt 00:02:01]} 17. Nd2 {[%clk 00:31:25]} {[%emt 00:04:30]} c6
{[%clk 00:37:58]} {[%emt 00:00:44]} 18. Re1 {[%clk 00:29:43]} {[%emt 00:02:11]}
Bh3 {[%clk 00:31:35]} {[%emt 00:06:52]} 19. Bc2 {[%clk 00:28:46]} {[%emt
00:01:28]} g6 {[%clk 00:29:40]} {[%emt 00:02:25]} 20. Nb3 {[%clk 00:28:10]}
{[%emt 00:01:06]} Rae8 {[%clk 00:29:07]} {[%emt 00:01:03]} 21. Nc5 {[%clk
00:21:53]} {[%emt 00:06:48]} Bc8 {[%clk 00:28:13]} {[%emt 00:01:23]} 22. a4
{[%clk 00:17:17]} {[%emt 00:05:07]} Nbd7 {[%clk 00:26:52]} {[%emt 00:01:50]} 23.
Nd3 {[%clk 00:17:39]} {[%emt 00:00:09]} Kg7 {[%clk 00:24:39]} {[%emt 00:02:43]}
24. a5 {[%clk 00:17:56]} {[%emt 00:00:13]} a6 {[%clk 00:24:57]} {[%emt
00:00:12]} 25. Re2 {[%clk 00:17:36]} {[%emt 00:00:50]} Re7 {[%clk 00:23:36]}
{[%emt 00:01:50]} 26. Nf5+ {[%clk 00:17:40]} {[%emt 00:00:26]} gxf5 {[%clk
00:23:36]} {[%emt 00:00:30]} 27. Rxe7 {[%clk 00:18:05]} {[%emt 00:00:05]} Rg8
{[%clk 00:20:04]} {[%emt 00:04:03]} 28. Kh1 {[%clk 00:17:52]} {[%emt 00:00:42]}
Kf8 {[%clk 00:20:29]} {[%emt 00:00:06]} 29. Ree1 {[%clk 00:17:53]} {[%emt
00:00:28]} Ne8 {[%clk 00:18:10]} {[%emt 00:02:50]} 30. Nf4 {[%clk 00:15:43]}
{[%emt 00:02:39]} Nd6 {[%clk 00:18:06]} {[%emt 00:00:34]} 31. Bd3 {[%clk
00:15:31]} {[%emt 00:00:42]} Nf6 {[%clk 00:12:27]} {[%emt 00:06:09]} 32. Re5
{[%clk 00:15:34]} {[%emt 00:00:27]} Rg5 {[%clk 00:12:04]} {[%emt 00:00:53]} 33.
h4 {[%clk 00:15:43]} {[%emt 00:00:20]} Rg8 {[%clk 00:12:05]} {[%emt 00:00:30]}
34. Rae1 {[%clk 00:14:10]} {[%emt 00:02:03]} Nfe8 {[%clk 00:11:10]} {[%emt
00:01:25]} 35. b3 {[%clk 00:04:27]} {[%emt 00:10:13]} Nc7 {[%clk 00:10:48]}
{[%emt 00:00:52]} 36. c4 {[%clk 00:02:56]} {[%emt 00:02:02]} Ne6 {[%clk
00:08:02]} {[%emt 00:03:16]} 37. Nxe6+ {[%clk 00:02:33]} {[%emt 00:00:51]} fxe6
{[%clk 00:08:28]} {[%emt 00:00:05]} 38. c5 {[%clk 00:01:33]} {[%emt 00:01:30]}
Nf7 {[%clk 00:05:34]} {[%emt 00:03:24]} 39. R5e2 {[%clk 00:01:55]} {[%emt
00:00:08]} Nh8 {[%clk 00:03:02]} {[%emt 00:03:02]} 40. Bxf5 {[%clk 00:01:33]}
{[%emt 00:00:52]} 1-0

[Event "Tournoi International du Pays de Charleroi 2018"]
[Site "Roux, Belgium"]
[Date "2018.08.01"]
[Round "6.10"]
[White "Iolis, Oleg"]
[Black "Klinova, Masha"]
[Result "0-1"]
[BlackTitle "WGM"]
[WhiteElo "2151"]
[BlackElo "2298"]

1. e4 {[%clk 01:30:58]} {[%emt 00:00:02]} d6 {[%clk 01:30:55]} {[%emt
00:00:06]} 2. d4 {[%clk 01:31:22]} {[%emt 00:00:05]} g6 {[%clk 01:31:21]}
{[%emt 00:00:04]} 3. Nc3 {[%clk 01:31:35]} {[%emt 00:00:17]} Bg7 {[%clk
01:31:46]} {[%emt 00:00:05]} 4. Bg5 {[%clk 01:31:18]} {[%emt 00:00:47]} a6
{[%clk 01:31:27]} {[%emt 00:00:49]} 5. f4 {[%clk 01:31:19]} {[%emt 00:00:29]}
b5 {[%clk 01:29:59]} {[%emt 00:01:58]} 6. Nf3 {[%clk 01:31:34]} {[%emt
00:00:15]} Bb7 {[%clk 01:29:48]} {[%emt 00:00:41]} 7. Bd3 {[%clk 01:31:27]}
{[%emt 00:00:37]} Nf6 {[%clk 01:25:18]} {[%emt 00:05:00]} 8. e5 {[%clk
01:30:57]} {[%emt 00:01:01]} Nd5 {[%clk 01:24:54]} {[%emt 00:00:53]} 9. Nxd5
{[%clk 01:30:54]} {[%emt 00:00:34]} Bxd5 {[%clk 01:25:17]} {[%emt 00:00:06]} 10.
O-O {[%clk 01:28:17]} {[%emt 00:03:07]} O-O {[%clk 01:24:33]} {[%emt 00:01:14]}
11. f5 {[%clk 01:24:57]} {[%emt 00:03:50]} Nc6 {[%clk 01:21:57]} {[%emt
00:03:06]} 12. fxg6 {[%clk 01:24:08]} {[%emt 00:01:19]} fxg6 {[%clk 01:16:13]}
{[%emt 00:06:14]} 13. exd6 {[%clk 01:16:17]} {[%emt 00:08:21]} Qxd6 {[%clk
01:13:31]} {[%emt 00:03:12]} 14. c3 {[%clk 01:16:19]} {[%emt 00:00:28]} e5
{[%clk 01:12:35]} {[%emt 00:01:26]} 15. dxe5 {[%clk 01:08:44]} {[%emt
00:08:05]} Nxe5 {[%clk 01:12:22]} {[%emt 00:00:43]} 16. Nxe5 {[%clk 01:08:56]}
{[%emt 00:00:18]} Bxe5 {[%clk 01:11:38]} {[%emt 00:01:13]} 17. h3 {[%clk
01:08:46]} {[%emt 00:00:40]} Qc5+ {[%clk 01:05:26]} {[%emt 00:06:42]} 18. Kh1
{[%clk 01:08:57]} {[%emt 00:00:19]} Rxf1 {[%clk 00:56:51]} {[%emt 00:09:06]} 19.
Bxf1 {[%clk 01:08:31]} {[%emt 00:00:57]} Rf8 {[%clk 00:56:08]} {[%emt
00:01:12]} 20. Bh4 {[%clk 01:07:15]} {[%emt 00:01:46]} c6 {[%clk 00:44:51]}
{[%emt 00:11:47]} 21. Qe1 {[%clk 00:57:46]} {[%emt 00:09:59]} Bc7 {[%clk
00:28:58]} {[%emt 00:16:23]} 22. Qe7 {[%clk 00:52:46]} {[%emt 00:05:30]} Qxe7
{[%clk 00:29:22]} {[%emt 00:00:06]} 23. Bxe7 {[%clk 00:53:11]} {[%emt
00:00:05]} Rf2 {[%clk 00:29:47]} {[%emt 00:00:05]} 24. Ba3 {[%clk 00:53:20]}
{[%emt 00:00:22]} Bb6 {[%clk 00:27:47]} {[%emt 00:02:29]} 25. Kh2 {[%clk
00:48:06]} {[%emt 00:05:44]} h5 {[%clk 00:26:12]} {[%emt 00:02:04]} 26. b3
{[%clk 00:47:30]} {[%emt 00:01:07]} Rc2 {[%clk 00:21:38]} {[%emt 00:05:03]} 27.
c4 {[%clk 00:47:36]} {[%emt 00:00:25]} bxc4 {[%clk 00:21:40]} {[%emt 00:00:28]}
28. bxc4 {[%clk 00:48:02]} {[%emt 00:00:04]} Bxc4 {[%clk 00:21:42]} {[%emt
00:00:27]} 29. Bxc4+ {[%clk 00:48:28]} {[%emt 00:00:05]} Rxc4 {[%clk 00:22:06]}
{[%emt 00:00:05]} 30. Rc1 {[%clk 00:48:42]} {[%emt 00:00:16]} Rxc1 {[%clk
00:21:15]} {[%emt 00:01:22]} 31. Bxc1 {[%clk 00:49:09]} {[%emt 00:00:04]} Bc7
{[%clk 00:17:43]} {[%emt 00:04:01]} 32. Kg1 {[%clk 00:49:18]} {[%emt 00:00:21]}
Kf7 {[%clk 00:16:40]} {[%emt 00:01:33]} 33. Kf2 {[%clk 00:49:27]} {[%emt
00:00:21]} Ke6 {[%clk 00:17:03]} {[%emt 00:00:07]} 34. Ke3 {[%clk 00:49:45]}
{[%emt 00:00:12]} Kd5 {[%clk 00:17:26]} {[%emt 00:00:06]} 35. Kd3 {[%clk
00:49:34]} {[%emt 00:00:42]} c5 {[%clk 00:17:37]} {[%emt 00:00:19]} 36. a4
{[%clk 00:48:43]} {[%emt 00:01:21]} Be5 {[%clk 00:15:39]} {[%emt 00:02:28]} 37.
Bg5 {[%clk 00:48:38]} {[%emt 00:00:34]} Bd4 {[%clk 00:15:03]} {[%emt 00:01:06]}
38. Bd8 {[%clk 00:47:20]} {[%emt 00:01:50]} c4+ {[%clk 00:15:12]} {[%emt
00:00:20]} 39. Kc2 {[%clk 00:47:42]} {[%emt 00:00:09]} Ke4 {[%clk 00:15:31]}
{[%emt 00:00:10]} 40. g4 {[%clk 00:47:08]} {[%emt 00:01:04]} hxg4 {[%clk
00:08:41]} {[%emt 00:07:20]} 41. hxg4 {[%clk 00:47:33]} {[%emt 00:00:04]} Kf4
{[%clk 00:09:06]} {[%emt 00:00:05]} 42. g5 {[%clk 00:47:57]} {[%emt 00:00:07]}
Kf5 {[%clk 00:09:30]} {[%emt 00:00:06]} 43. Kd2 {[%clk 00:44:53]} {[%emt
00:03:34]} Be5 {[%clk 00:08:53]} {[%emt 00:01:06]} 44. Ke3 {[%clk 00:44:57]}
{[%emt 00:00:27]} Bc3 {[%clk 00:02:50]} {[%emt 00:06:32]} 45. Be7 {[%clk
00:44:16]} {[%emt 00:01:11]} Ke6 {[%clk 00:01:35]} {[%emt 00:01:45]} 46. Bc5
{[%clk 00:42:40]} {[%emt 00:02:07]} Kd5 {[%clk 00:00:40]} {[%emt 00:01:24]} 47.
Be7 {[%clk 00:42:45]} {[%emt 00:00:26]} Bd4+ {[%clk 00:30:24]} {[%emt
00:00:46]} 48. Kd2 {[%clk 01:13:08]} {[%emt 00:00:07]} Be5 {[%clk 00:30:17]}
{[%emt 00:00:36]} 49. Kc2 {[%clk 01:13:22]} {[%emt 00:00:16]} Ke6 {[%clk
00:24:34]} {[%emt 00:06:12]} 50. Bb4 {[%clk 01:11:23]} {[%emt 00:02:30]} Bf4
{[%clk 00:23:42]} {[%emt 00:01:22]} 51. Kc3 {[%clk 01:11:13]} {[%emt 00:00:41]}
Bxg5 {[%clk 00:23:07]} {[%emt 00:01:04]} 52. Kxc4 {[%clk 01:11:36]} {[%emt
00:00:08]} Be7 {[%clk 00:21:05]} {[%emt 00:02:32]} 53. Bd2 {[%clk 01:01:25]}
{[%emt 00:10:41]} g5 {[%clk 00:18:17]} {[%emt 00:03:17]} 54. Kd4 {[%clk
01:01:38]} {[%emt 00:00:18]} g4 {[%clk 00:13:21]} {[%emt 00:05:25]} 55. Be1
{[%clk 01:00:26]} {[%emt 00:01:43]} Bd6 {[%clk 00:09:56]} {[%emt 00:03:54]} 56.
Ke4 {[%clk 01:00:42]} {[%emt 00:00:15]} Bc7 {[%clk 00:09:30]} {[%emt 00:00:55]}
57. a5 {[%clk 00:58:51]} {[%emt 00:02:22]} Kd7 {[%clk 00:09:38]} {[%emt
00:00:21]} 58. Ke3 {[%clk 00:52:00]} {[%emt 00:07:21]} Kc6 {[%clk 00:09:31]}
{[%emt 00:00:38]} 59. Kf2 {[%clk 00:52:27]} {[%emt 00:00:03]} Kb5 {[%clk
00:09:46]} {[%emt 00:00:14]} 0-1